02453aam a22003491i 4500001001900000003000600019005001700025006001900042007001500061008004100076015001900117020001800136035002500154035002100179035001800200037001800218040005000236041000800286042001100294050001300305100002800318245005800346250001900404260005300423300005000476505068100526520064101207540017001848588002602018630003602044650002302080991017258969707026UkOxU20260511140247.0m || d | cr |||||||||||220909s2022 nyua o 001 0 eng d aGBC2L67682bnb a9781400235261 a023227381-44oxf_inst a(UkOxU)023227381 a(Uk)020820582 a9781400235322 aN$TbengerdaepncN$TdN$TdOCLCFdTEFODdUk aeng aukblsr 4aHD69.P75 aHeagney, Josepheauthor10aFundamentals of project managementc/ Joseph Heagney. aSixth edition. aNew York, NY :bHarperCollins Leadership,c2022. a288 pages ;billustrations (black and white).0 aAn overview of project management -- The role of the project manager -- Planning the project -- Incorporating stakeholder management in the project planning process -- Developing a mission, vision, goals, and objectives for the project -- Creating the project risk and communication plans -- Using the work breakdown structure to plan a project -- Scheduling project work -- Producing a workable schedule -- Project control and evaluation -- The change control process -- Project control using earned value analysis -- Managing the project team -- The project manager as leader -- Closing the project -- Project Recovery -- How to make project management work in your company. aEnables project managers to understand priorities, maximize resources, and minimize risks in order to complete projects on time and on budget. For close to three decades, Fundamentals of Project Management has helped managers tackle the complexities of the job. Succinct and easy to read, this handbook simplifies concepts, answers questions, and helps tame the chaos that can erupt as projects move from planning to completion. The Sixth Edition of this trusted bestseller offers the practical guidelines and tools project managers have come to expect, along with new information explaining changes to the PMBOKĀ® Guide, 7th Edition. aRestricted: Printing from this resource is governed by The Legal Deposit Libraries (Non-Print Works) Regulations (UK) and UK copyright law currently in force.5UkOxU0 aPrint version record. 0aB2 PBT Project Management (BiM) 0aProject management